| 000 | 01539nam a22002537a 4500 | ||
|---|---|---|---|
| 005 | 20080926120316.0 | ||
| 008 | 080926t xxu||||| |||| 00| 0 hin d | ||
| 010 | _aHIN-84185 | ||
| 020 | _c30.00 | ||
| 035 | _aHN-56531 | ||
| 037 | _bDBAD / PUB | ||
| 040 |
_aDPL _bHN |
||
| 082 | _a615.854 | ||
| 100 | _aशशिभूषण शलभ | ||
| 245 |
_aफल-सब्जी खाएं रोग- भगाएं: _cशशिभूषण शलभ _bफल- सब्जियों द्वारा रोग निवारण करने वाली आयुर्वेदिक चिकित्सा पद्धति पर आधारित एक अत्यंत उपयोगी पुस्तक / |
||
| 246 |
_aFala-sabjiyan khayen roga-bhagayen _bby Shashibhushan Shalabh |
||
| 260 |
_aदिल्ली _bराजश्री प्रकाशन _c2005 |
||
| 270 |
_a112, फर्स्ट फ्लोर, दरीबा कला _bदिल्ली _e110006 _k23251092, 232551109 |
||
| 300 |
_a155पृ _b18सेमी (अजिल्द) _cसचित्र |
||
| 650 |
_aआयुर्वेदिक चिकित्सा _xसब्जियाँ _xफल |
||
| 650 |
_aAurvedic Medicine _xVegetables _xFruits |
||
| 942 |
_2ddc _cHN _k615.854 _mशशिभू _h615.854 |
||
| 999 |
_c15726 _d15726 |
||